1529 1521 1602 1386 1460 1180 1761 1421 1350 1213 1384 1135 1046 1239 1391 1320 1783 1693 1800 1623 1379 1132 1146 1683 1107 1567 1911 1376 1997 1983 1089 1307 1144 1258 1079 1203 1684 1599 1889 1327 1177 1488 1597 1044 1479 1981 1331 1442 1287 1418 1582 1825 1958 1095 1705 1844 1317 1970 1196 1507 1042 1244 1775 1848 1386 1429 1888 1233 1678 1692 1752 1264 1868 1983 1248 1738 1978 1664 1668 1815 1777 1022 1497 1510 1585 1557 1738 1406 1054 1668 1880 1594 1388 1610 1768 1111 1668 1208 1390 BCNSPRNW ULIB Ver.6.0+V

เปลี่ยนเป็นภาษาไทย

Change to English
 แสดงรายละเอียดบรรณานุกรม
  กลับหน้าหลัก

Brief Record : Get Marc (ISO 2709) : E-mail record : QR code < ปิดหน้าต่าง
LEADER : 00000nam 2200000uu 4500
001    13399115222
003     ULIB
008    120731s2548||||th 000 0 tha d
020    ^a9789749508428
060 04 ^aWC100^bส253ป 2548
100 0  ^aสมนึก สังฆานุภาพ
245 10 ^aปริศนาคลินิก :^bโรคติดเชื้อ /^cโดย สมนึก สังฆานุภาพ
250    ^aพิมพ์ครั้งที่ 1
260    ^aกรุงเทพฯ :^bหมอชาวบ้าน,^c2548
300    ^a131 หน้า :^bภาพประกอบ ;^c21 ซม.
650  7 ^aโรคติดเชื้อ^xการวินิจฉัย
650  7 ^aโรคติดต่อ^xการวินิจฉัย
650  7 ^aโรคติดต่อ^xผู้ป่วย
945    ^p290^l0^i17110
945    ^p290^l0^i17111
995    ^aกัณชพร
999    ^aใช้งานได้ทุกระบบ
รายการนี้ยังไม่มีแท็ก
คุณยังไม่ได้ล็อกอิน คุณสามารถมีกิจกรรมร่วมกับเว็บไซต์ได้ แต่ต้องล็อกอินก่อน ::
  ล็อกอิน

รายการสื่อสารสนเทศ

ลำดับที่ ประเภท เลขเรียก/บาร์โค้ด สถานที่ สถานะ
1. วิทยาศาสตร์การแพทย์ และสุขภาพ
วิทยาศาสตร์การแพทย์ และสุขภาพ
WC100 ส253ป 2548 ฉ.2 
  Barcode: 17111
ห้องสมุดวิทยาเขตสวรรค์ประชารักษ์
►หนังสือทั่วไป
บนชั้น

รายการใกล้เคียง
    ผู้แต่ง [สมนึก สังฆานุภาพ]

BibComment


ยังไม่เคยถูกคอมเมนท์

คอมเมนท์ทรัพยากรรายการนี้
  คอมเมนท์: ปริศนาคลินิก โร..


 Copyright 2026. Bcnsprnw @Library